| 000 | 00386nam a2200169Ia 4500 | ||
|---|---|---|---|
| 005 | 20250603145818.0 | ||
| 008 | 250603s9999 xx 000 0 und d | ||
| 020 | _a9781323113288 | ||
| 050 | _aQA 76.5 .E93/ | ||
| 100 | _aEvans, Alan | ||
| 245 | 0 | _aTechnology in action: complete | |
| 260 | _aNew York | ||
| 260 | _bPearson | ||
| 260 | _c2016 | ||
| 650 | _aNew York | ||
| 942 | _cBK | ||
| 999 |
_c42928 _d42928 |
||